000 00309nam a22001337a 4500
020 _a007283627X
082 _a330
100 _aJ. Bradford DeLong
245 _aStudy Guide for use with macroeconomics
250 _aupdated edition
260 _aBoston
_bMcGraw-Hill
_c2002
300 _a430p
942 _cBK
999 _c3221
_d3221